Statistieken voor Frozen 2 Into the Unknown - Meerdere talen

Klik hier om de quiz te nemen!

Algemene statistieken

  • Deze quiz is 28 keer genomen
  • De gemiddelde score is 19 van 29

Antwoordstatistieken

Originele tekstTipTaal% Correct
I can hear you, but i wont,
some look for trouble, while others don't.
Duidelijk toch?Engels
100%
Er du her for a skremme,
til jeg foler meg forlatt
Scandinavische taalNoors
95%
Ah ah ah ah, ah ah ah ah
Ah ah ah ah, ah ah ah ah
Een van de twee hoofd-
talen in Zuid-Amerika
Spaans
95%
Mas de mil razones hay para seguir igualOok wel CastiliaansSpaans
95%
Du ar inger rost, bara en obetydlig ton
jag ar upptagen, hur som helst
Scandinavische taalZweeds
95%
Glaubst du, ich will das riskieren
und icch folge dor
Europese taalDuits
91%
Qui mieux que moi,
pourrait savoir d'ou je viens
Duidelijk toch?Frans
91%
Woohohow, dus waar ben je?Duidelijk toch?Nederlands
86%
Sa mystieke sirene, nej,
dit kald nli'r ikke hort
Scandinavische taalDeens
82%
Se nel mundo immenso dell ignoto androColloseumItaliaans
82%
Hu shi ni de di yu dui
wo wu xing de zhi pei oooh, oh
Ook wel ChineesMandarijn
82%
Kazdyi den trudnej dajotsja
sila car moih rastjot
Uit het grootste landRussisch
82%
Nayt tie, mukaan vieScandinavische taalFins
77%
Minha intuicaoEen van de twee hoofd-
talen in Zuid-Amerika
Portugees
77%
Sto agnosto na rthoAcropolisGrieks
68%
Doko e yuku no? Tsuite yukuOlympische Spelen 2020Japans
68%
Chce uwierzyc snomEuropese taalPools
68%
Csak kitalalt hangzas,
oly sok embert vedelmeznet varunk falai
Europese taalHongaars
55%
Inn a nyja brautScandinavische taalIJslands
55%
Sumgyojin sesangVan het schiereiland
bij China en Rusland
Koreaans
55%
Ah ah ah ah, ah ah ah ahGesproken in IndiaHindi
50%
Nghe ta khong nao? Ta dang toi nay?Uit Indochinees landVietnamees
45%
Kum neznaen svyatEuropese taalBulgaars
41%
Mis tahad sa, kui minult une roovid niiEuropese taalEsts
41%
Ah ah ah ah, ah ah ah ahUit de grootste buur van
Rusland (Na China)
Kazachs
41%
Nam pai sak thi?Uit Indochinees landThais
41%
Il ti si bice koje jeste pomalo ko jaEuropese taalServisch
32%
Mus leat fearanat ja in darbbas lasit satTaal uit Lapland
(Neen, niet Laplands)
Sami
23%
Xiang weizhi tansuo, (zucht)Chinees dialect in
betwist gebied
Taiwanees
9%

Scoreverdeling

Percentiel versus Aantal Correcte Antwoorden

Procent van Mensen met Elke Score

Uw Scoregeschiedenis

U heeft deze quiz nog niet genomen